| 000 | 00835cab a2200217 4500 | ||
|---|---|---|---|
| 001 | WB3425-03 | ||
| 008 | 090401t1998 xxu||||| |||| 00| 0 eng d | ||
| 035 | _a(Sirsi) u87213 | ||
| 041 | _aeng | ||
| 245 | _aCIB`s future secured | ||
| 260 | _c1998 | ||
| 350 | _a0 | ||
| 490 |
_aConstruction News _v(6572) 2 July 1998, 2(1) |
||
| 520 | _aThe recommendations of the Egan report, which centres around the idea of lean construction has given the Construction Industry Board a new lease of life. The board was due to wind down at the end of 1998, but the Construction Taskforce report due to be published on 16 July has given it a renewed impetus. | ||
| 650 | _aCONSTRUCTION INDUSTRY BOARD | ||
| 650 | _aCONSTRUCTION TASKFORCE | ||
| 650 | _aLEAN CONSTRUCTION | ||
| 690 | _aBUILT ENVIRONMENT | ||
| 942 | _n0 | ||
| 948 | _c03/07/1998 | ||
| 999 |
_c54995 _d54995 |
||